| 000 | 00374nam a2200157Ia 4500 | ||
|---|---|---|---|
| 008 | 200305s9999 xx 000 0 und d | ||
| 020 | _a978-1-4051-6039-1 | ||
| 082 | _a070.43 | ||
| 082 | _bOWI | ||
| 100 | _aOWEN JOHN | ||
| 245 | _aINTERNATIONAL NEWS REPORTING | ||
| 260 |
_aNEW DELHI _bN D WILEY INDIA |
||
| 300 | _a280 | ||
| 650 | _aMASSCOMMUNICATION | ||
| 999 |
_c37021 _d37021 |
||
| 041 | _aeng | ||